=LDR 00000nam 2200000 4500 =001 INLIS000000000006888 =005 20130612094956 =008 ***********************************Ind** =035 ##$$0010-061300000006888 =041 ##$$a Ind =082 ##$$a 512.9 =090 ##$$a 512.9, Hid b =100 ##$$a Hidayat, Wahyu =245 ##$$a Matematika II, Drs. Wahyu Hidayat, M.EC =260 ##$$a 1986 $b Jakarta =300 ##$$a 30 hlmm., 21 cm =650 ##$$a Matematika